000 00658nam a2200205Ia 4500
999 _c56479
_d56479
001 23592
003 GE_BSU
005 20221122152240.0
008 181216s2018||||en |||||||||||||| ||eng||
020 _a9780375710827x
040 _cGE_BSU
041 _aeng
080 _a72 M-10
100 _aMcalester, Virginia Savage
_94557
245 2 _aA Field Guide to American Houses : The Definitive Guide to Identifying and Understanding Americas Domestic Architecture /
_cVirginia Savage , Mcalester.
264 _aNew York :
_bAlfred A. Knopf,
_c2018.
300 _a848 p.:
_b ill :
_c 23 cm.
653 _aარქიტექტურა
942 _cBK
_2udc